000 01235nam a2200289 a 4500
005 20100403145521.0
008 051125s2006 ii bs 000 0 eng
010 _aB-379456
020 _a8189640003
_c595.00
020 _a9788189640002
_c595.00
035 _aB-379456
037 _bUBH
040 _adpl
_bEnglish
082 _a363.728095416
100 _aSatpal Singh
245 _aSolid waste management in resettlement colonies of Delhi :
_ba study of people's participation and urban policy /
_cby Satpal Singh
260 _aNew Delhi
_bBookwell
_c2006
270 _a24/4800, Ansari Road, Daryaganj
_bNew Delhi
_e110002
300 _axviii, 259 p.
_c23 cm(Hb)
500 _aIncludes statistical tables.
504 _aIncludes bibliographical references
650 _aRefuse and refuse disposal
_zIndia
_zDelhi.
650 _aRecycling (Waste etc.)
_zIndia
_zDelhi.
942 _2ddc
_cEN
_mSAT
_h363.7282095416
999 _c35049
_d35049